000 00432nam a2200169 a 4500
001 1777027203770
003 YourLibrary
005 20260424161208.0
008 260424s1999##################000#0#eng##
020 _a9780728203068
082 0 4 _a344.20645DEN.4
100 1 _aDenyer-Green, Barry,
_eauthor.
245 1 0 _aPlr 1998 :
260 _bEstate Gazette,
_c1999.
942 _cENGLISH
040 _aYourLibrary
_beng
_cYourLibrary
999 _c619880
_d619880